000 01159nam a2200241 a 4500
001 000836996
003 AM-YeHGA
005 20250617153506.0
008 111010s1979 bw r 000 0 rus d
040 _aAM-YeHGA
041 0 _arus
100 1 _aКедров-Зихман, Оскар Оскарович
245 1 0 _aПолучение и использование трисомиков озимой ржи /
_cО.О. Кедров-Зихман, Т.С. Шилко; АН БССР Ин-т генетики и цитологии; Белорус. о-во генетиков и селекционеров; Ред. А.Н. Палилова.
260 _aМинск :
_bНаука и техника,
_c1979.
300 _a175 с. :
_bрис., табл. ;
_c20 см.
504 _aБиблиогр.: с. 157-173
650 1 4 _aРожь
700 1 _aШилко, Тамара Самуиловна
700 1 _aПалилова, А.Н.
_eред.
_4edt
710 2 _aИнститут генетики и цитологии АН БССР
710 2 _aБелорусское общество генетиков и селекционеров
090 _c394721
999 _c392698
_d392698